000 00462nam a2200133Ia 4500
008 151001s9999||||xx |||||||||||||| ||und||
100 _aरानडे गो मा
245 _aमराठाच्या सत्तेचा उत्कर्ष
250 _a1
260 _bमहाराष्ट्र राज्य साहित्य संस्कुती मंडळ मुंबई
260 _c1964
300 _a170
365 _b8.5
999 _c954392
_d954389